00389nam a2200133Ia 4500008004100000020001700041041000800058082001500066100002900081245008400110250000600194260004100200300001400241210716s2011 xx 000 0 und d a978033393342 aeng a658.7 RAGG aRaghuram, G;Rangaraj, N. aLogistics and supply chain management: cases and concepts.bCases and concepts. a1 aNew DelhibMacmillan India Ltdc2011 axxiii,424